Régions ayant le plus voté pour le Rassemblement National (2022) - Statistiques

Statistiques générales
  • Ce quiz a été pris 209 fois
  • Le résultat moyen est 6 sur 17
Statistiques - réponses
Score Région % Correct
33,35% Hauts-de-France
99%
29,54% Grand Est
72%
27,59% Provence-Alpes-Côte d'Azur
43%
28,58% Corse
39%
12,97% Île-de-France
37%
19,53% Bretagne
30%
27,35% Bourgogne-Franche-Comté
29%
27,14% Normandie
29%
24,62% Occitanie
29%
25,56% Centre-Val-de-Loire
28%
22,28% Auvergne-Rhône-Alpes
23%
24,73% La Réunion
20%
22,80% Nouvelle-Aquitaine
20%
13,42% Martinique
19%
17,92% Guadeloupe
18%
17,66% Guyane
15%
20,78% Pays de la Loire
15%
Aucun quiz correspondant
Distribution des résultats
% des personnes avec chaque résultat
Percentile par nombre de réponses
Votre historique - résultats
Vous n’avez pas pris ce quiz